Представление документа в формате RUSMARC

ПолеНазваниеЗначение
  Тип записи c
  Библиографический уровень m
001 Контрольный номер RU/УОНБ/EK_N/389525836
005 Дата корректировки 20240321160431.5
010 Индекс ISBN __
9 Тираж 2000 экз.
013 Номер (ISMN) __
d Цена 1 р. 30 к.
071 Издательские номер (звукозапись и ноты) 21
a Номер, присвоенный агентством 4274
100 Данные общей обработки __
a Данные общей обработки 20120505d1977 u y0rusy0189||||ca
101 Язык документа 0_
a Язык текста rus
102 Страна публикации __
a Страна публикации RU
105 Кодированные данные (монография) __
a Кодированные данные (монография) y###||||000|y
125 Кодированные данные звукозаписи и нотных изданий __
a Форма изложения нотного текста а|
128 Кодированные данные (звукозаписи-физические характеристики) __
a Кодированные данные: Музыкальная форма и тональность или лад zz
b Инструменты или голоса, необходимые для ансамблей (устаревшее) oz||
200 Заглавие и сведения об ответственности 1_
a Заглавие Вып. 6
210 Выходные данные 1_
d Дата издания 1977
215 Физическое описание __
a Объем 199 c.
327 Примечание о содержании 11
a Примечание о содержании Содерж. : Подэльский Г. Улыбнись, ровесник! / сл. Л. Дербенева. - Купревич В. Волжанка / сл. П. Градова. - Махлянкин В. Военные оркестры / сл. Л. Палея. - Бинкин З. Беспокойное сердце. - Крылатов Е. Ласточка / сл. И. Шаферана. - Мажуков А. Грозовые весенние ночи / сл. В. Татаринова. - Терентьев Б. Улыбнись. - Богословский Н. А я в ответ... : песня из кф. "Берега" / сл. М. Танича. - Галахов О. Из далекой службы ратной / сл. Н. Тряпкина. - Зацепин А. Уходишь ты : песня из кф. "Между небом и землей" / сл. Л. Дербенева. - Заславский С. Ах, эта красная рябина!... / сл. А. Софронова. - Томин С. Снега уходят со дворов / сл. М. Танича. - Экимян А. Как живете-можете? / сл. Р. Гамзатова. - Карминский М. Вечернее настроение. - Бяшаров Ш. Путеводная звезда. - Рубашевский В. Ноктюрн. - Золотарев Н. Русские узоры : танго. - Ицкевич В. Продавец сладостей. - Мовчанюк Ф. Если любишь... : джаз-вальс. - Дементьев В. Отцветает белая черемуха / сл. В. Малкова. - Кантюков И. Котенку просто скучно : босса-нова.
461 Уровень набора _0
1 001RU/УОНБ/EK_N/389524267
1 200
a Вокально-инструментальные ансамбли
b [Ноты]
v Вып. 6
1 210
a М.
c Советский композитор
d 1977
1 225
a Эстрадные ансамбли
464 Аналитический уровень _0
1 2001
a Улыбнись, ровесник!
e Пусть кружатся песня над всей землей...
1 700 1
a Подэльский
b Г.
1 702 1
a Дербенев
b Л.
4 520
464 Аналитический уровень _0
1 2001
a Волжанка
e Отчаливает белый теплоход...
1 700 1
a Купревич
b В.
1 702 1
a Градов
b П.
4 520
464 Аналитический уровень _0
1 2001
a Военные оркестры
e От места и до места...
1 700 1
a Махлянкин
b В.
1 702 1
a Палей
b Л.
4 520
464 Аналитический уровень _0
1 2001
a Беспокойное сердце
1 700 1
a Бинкин
b З.
464 Аналитический уровень _0
1 2001
a Ласточка
e Не прошла зима...
1 700 1
a Крылатов
b Е.
1 702 1
a Шаферан
b И.
4 520
464 Аналитический уровень _0
1 2001
a Грозовые весенние ночи
e На закате река разлилась...
1 700 1
a Мажуков
b А.
1 702 1
a Татаринов
b В.
4 520
464 Аналитический уровень _0
1 2001
a Улыбнись
1 700 1
a Терентьев
b Б.
464 Аналитический уровень _0
1 2001
a А я в ответ...
e А пароход кричит...
e песня из кф. "Берега"
1 700 1
a Богословский
b Н.
1 702 1
a Танич
b М.
4 520
1 50010
a Берега
464 Аналитический уровень _0
1 2001
a Из далекой службы ратной
e Из далекой службы ратной...
1 700 1
a Галахов
b О.
1 702 1
a Тряпкин
b Н.
4 520
464 Аналитический уровень _0
1 2001
a Уходишь ты
e Роняя свет печальный...
e песня из кф. "Между небом и землей"
1 700 1
a Зацепин
b А.
1 702 1
a Дербенев
b Л.
4 520
1 50010
a Между небом и землей
464 Аналитический уровень _0
1 2001
a Ах, эта красная рябина...
e Ах, эта красная рябина...
1 700 1
a Заславский
b С.
1 702 1
a Софронов
b А.
4 520
464 Аналитический уровень _0
1 2001
a Снега уходят со дворов
e Снега уходят со дворов...
1 700 1
a Томин
b С.
1 702 1
a Танич
b М.
4 520
464 Аналитический уровень _0
1 2001
a Как живете-можете?
e Как живете можете, удальцы-мужчины...
1 700 1
a Экимян
b А.
1 702 1
a Гамзатов
b Р.
4 520
464 Аналитический уровень _0
1 2001
a Вечернее настроение
1 700 1
a Карминский
b М.
464 Аналитический уровень _0
1 2001
a Путеводная звезда
1 700 1
a Бяшаров
b Ш.
464 Аналитический уровень _0
1 2001
a Ноктюрн
1 700 1
a Рубашевский
b В.
464 Аналитический уровень _0
1 2001
a Русские узоры
e танго
1 700 1
a Золотарев
b Н.
464 Аналитический уровень _0
1 2001
a Продавец сладостей
1 700 1
a Ицкевич
b В.
464 Аналитический уровень _0
1 2001
a Если любишь...
e джаз-вальс
1 700 1
a Мовчанюк
b Ф.
464 Аналитический уровень _0
1 2001
a Отцветает белая черемуха
e Отцветает белая черемуха...
1 700 1
a Дементьев
b В.
1 702 1
a Малков
b В.
4 520
464 Аналитический уровень _0
1 2001
a Котенку просто скучно
e босса-нова
1 700 1
a Кантюков
b И.
606 Тематические рубрики 0_
a Основная рубрика Ансамбли вокально-инструментальные
x Основная подрубрика Эстрадные ансамбли
610 Ключевые слова 0_
a Ключевые слова эстрадные ансамбли
686 Индексы других классификаций __
a Классификационный индекс 85.952.18 я43
2 Код системы rubbk
801 Источник записи _0
a Страна RU
b Организация Ульяновская ОНБ
c Дата составления 20120505
g Правила каталогизации RCR
801 Источник записи _1
a Страна RU
b Организация Ульяновская ОНБ
c Дата составления 20120505
g Правила каталогизации RCR
901 Тип документа __
t Тип документа n
w Контрольный № источника RU/УОНБ/EK_N/389524267
909 Создатель записи __
a Создатель записи Лобина Л. И.
938 Служебная информация __
a Имя БД noti
b Имя библиотеки УОНБ
c Имя АИБС МАРК-SQL
d Номер DOC_ID в БД 10066